[Event "Titled Tuesday intern op 01st June"]
[Site "Chess.com INT"]
[Date "2021.06.01"]
[Round "2"]
[White "Sharmin, Samiha Shimmi"]
[Black "Estrada Nieto, Julian"]
[Result "0-1"]
[WhiteElo "1812"]
[BlackElo "2280"]
[PlyCount "52"]
[EventDate "2021.06.01"]
[EventType "swiss (blitz)"]
[EventRounds "11"]
[EventCountry "USA"]
[SourceTitle "CBM 202 Extra"]
[Source "ChessBase"]
[SourceDate "2021.07.31"]
[SourceVersion "1"]
[SourceVersionDate "2021.07.31"]
[SourceQuality "1"]

1. e4 e5 2. Nf3 Nc6 3. Bc4 Bc5 4. 0-0 d6 5. a4 Nf6 6. d3 0-0 7. Bg5 h6 8. Bh4 Bg4 9. h3 Bxf3 10. Qxf3 Nd4 11. Qd1 a5 12. c3 Ne6 13. Nd2 c6 14. Bb3 Ba7 15. g4 Nf4 16. Qf3 g5 17. Bg3 Nd7 18. Nc4 Qf6 19. Bxf4 gxf4 20. Nxa5 Nc5 21. Bc2 Ne6 22. Nxb7 Qh4 23. Nxd6 Ng5 24. Qg2 Nxh3+ 25. Qxh3 Qxh3 26. Nf5 f3 0-1

[Event "Titled Tuesday intern op 01st June"]
[Site "Chess.com INT"]
[Date "2021.06.01"]
[Round "1"]
[White "Shevtchenko, Olesya"]
[Black "Sharmin, Samiha Shimmi"]
[Result "1-0"]
[WhiteElo "2054"]
[BlackElo "1812"]
[PlyCount "45"]
[EventDate "2021.06.01"]
[EventType "swiss (blitz)"]
[EventRounds "11"]
[EventCountry "USA"]
[SourceTitle "CBM 202 Extra"]
[Source "ChessBase"]
[SourceDate "2021.07.31"]
[SourceVersion "1"]
[SourceVersionDate "2021.07.31"]
[SourceQuality "1"]

1. e4 c5 2. Nf3 d6 3. c3 Nf6 4. Bc4 e6 5. Qe2 Be7 6. d4 cxd4 7. cxd4 0-0 8. Nc3 Nc6 9. 0-0 Bd7 10. Bg5 a6 11. Bd3 Qb6 12. e5 Nd5 13. Nxd5 exd5 14. Bxe7 Nxe7 15. Ng5 h6 16. e6 Bb5 17. exf7+ Rxf7 18. Nxf7 Kxf7 19. Rfe1 Re8 20. Qh5+ Kg8 21. Bxb5 Qxb5 22. h3 Qd7 23. Re3 1-0

[Event "Titled Tuesday intern op 20th Apr"]
[Site "Chess.com INT"]
[Date "2021.04.20"]
[Round "4"]
[White "Deuer, Marius"]
[Black "Sharmin, Samiha Shimmi"]
[Result "1-0"]
[WhiteElo "2274"]
[BlackElo "1812"]
[PlyCount "43"]
[EventDate "2021.04.20"]
[EventType "swiss (blitz)"]
[EventRounds "11"]
[EventCountry "USA"]
[SourceTitle "CBM 202 Extra"]
[Source "ChessBase"]
[SourceDate "2021.07.31"]
[SourceVersion "1"]
[SourceVersionDate "2021.07.31"]
[SourceQuality "1"]

1. e4 d5 2. exd5 Qxd5 3. Nc3 Qd6 4. d4 Nf6 5. Nf3 a6 6. Bc4 Bg4 7. 0-0 Nc6 8. Be3 e6 9. h3 Bh5 10. g4 Bg6 11. Qd2 0-0-0 12. Bf4 Qb4 13. b3 h5 14. a3 Qe7 15. g5 Ne4 16. Qe1 Nxc3 17. Qxc3 h4 18. Bxa6 Be4 19. Nd2 Bf5 20. Qxc6 bxa6 21. Nc4 Kb8 22. Na5 1-0

[Event "Titled Tuesday intern op 20th Apr"]
[Site "Chess.com INT"]
[Date "2021.04.20"]
[Round "2"]
[White "Pein, Jonathan"]
[Black "Sharmin, Samiha Shimmi"]
[Result "1-0"]
[WhiteElo "2200"]
[BlackElo "1812"]
[PlyCount "59"]
[EventDate "2021.04.20"]
[EventType "swiss (blitz)"]
[EventRounds "11"]
[EventCountry "USA"]
[SourceTitle "CBM 202 Extra"]
[Source "ChessBase"]
[SourceDate "2021.07.31"]
[SourceVersion "1"]
[SourceVersionDate "2021.07.31"]
[SourceQuality "1"]

1. Nf3 d5 2. c4 dxc4 3. g3 g6 4. Bg2 Bg7 5. Qa4+ c6 6. Qxc4 Nf6 7. 0-0 Be6 8. Qc2 Qb6 9. Nc3 0-0 10. d3 Na6 11. Be3 Qa5 12. a3 Rfd8 13. Ng5 Bf5 14. b4 Qc7 15. Qb3 e6 16. Rac1 h6 17. Nf3 Ng4 18. Bf4 Qe7 19. h3 Nf6 20. e4 Rxd3 21. exf5 exf5 22. Qc4 Rad8 23. Ne5 R3d4 24. Nxc6 bxc6 25. Qxa6 Nh5 26. Be3 Rd3 27. Bc5 Qg5 28. Qxa7 Bxc3 29. Be7 R8d7 30. Qxd7 1-0

[Event "Titled Tuesday intern op 26th Jan"]
[Site "Chess.com INT"]
[Date "2021.01.26"]
[Round "5"]
[White "Einarsson, Halldor Gretar"]
[Black "Sharmin, Samiha Shimmi"]
[Result "0-1"]
[WhiteElo "2215"]
[BlackElo "1812"]
[PlyCount "68"]
[EventDate "2021.01.26"]
[EventType "swiss (blitz)"]
[EventRounds "11"]
[EventCountry "USA"]
[SourceTitle "CBM 200 Extra"]
[Source "ChessBase"]
[SourceDate "2021.03.31"]
[SourceVersion "1"]
[SourceVersionDate "2021.03.31"]
[SourceQuality "1"]

1. d4 Nf6 2. c4 g6 3. f3 Bg7 4. e4 d6 5. Nc3 0-0 6. Be3 Nc6 7. Qd2 e5 8. Nge2 h5 9. d5 Nb4 10. 0-0-0 a5 11. h4 a4 12. Kb1 Bd7 13. Bh6 a3 14. b3 Qe8 15. g4 hxg4 16. Ng3 gxf3 17. h5 Bg4 18. hxg6 fxg6 19. Bh3 Qf7 20. Bxg7 Qxg7 21. Rdg1 f2 22. Qxf2 Nxe4 23. Qe3 Nxc3+ 24. Qxc3 Bxh3 25. Rxh3 c5 26. Nh5 Qf7 27. Rhg3 Qf5+ 28. Kc1 Kf7 29. Rf3 Nxa2+ 30. Kd2 Nxc3 31. Rxf5+ gxf5 32. Rg7+ Ke8 33. Kxc3 a2 34. Rxb7 a1Q+ 0-1

[Event "Titled Tuesday intern op 01st Dec"]
[Site "Chess.com INT"]
[Date "2020.12.01"]
[Round "4"]
[White "Sharmin, Samiha Shimmi"]
[Black "Guliev, Logman"]
[Result "0-1"]
[WhiteElo "1812"]
[BlackElo "2273"]
[PlyCount "40"]
[EventDate "2020.12.01"]
[EventType "swiss (blitz)"]
[EventRounds "11"]
[EventCountry "USA"]
[SourceTitle "CBM 199 Extra"]
[Source "ChessBase"]
[SourceDate "2021.01.31"]
[SourceVersion "1"]
[SourceVersionDate "2021.01.31"]
[SourceQuality "1"]

1. e4 c5 2. Nf3 Nc6 3. d4 cxd4 4. Nxd4 g6 5. Nc3 Bg7 6. Be3 Nf6 7. Bc4 0-0 8. f3 e6 9. Qd2 d5 10. exd5 exd5 11. Bb3 Re8 12. 0-0-0 a5 13. a4 Nb4 14. h4 Nd7 15. h5 Nc5 16. Bh6 Nbd3+ 17. Kb1 Bxd4 18. Nxd5 Nxb3 19. Qxd3 Qxd5 20. cxb3 Bf5 0-1

[Event "Titled Tuesday intern op 01st Dec"]
[Site "Chess.com INT"]
[Date "2020.12.01"]
[Round "1"]
[White "Sharmin, Samiha Shimmi"]
[Black "Mostbauer, Maximilian"]
[Result "0-1"]
[WhiteElo "1812"]
[BlackElo "2211"]
[PlyCount "32"]
[EventDate "2020.12.01"]
[EventType "swiss (blitz)"]
[EventRounds "11"]
[EventCountry "USA"]
[SourceTitle "CBM 199 Extra"]
[Source "ChessBase"]
[SourceDate "2021.01.31"]
[SourceVersion "1"]
[SourceVersionDate "2021.01.31"]
[SourceQuality "1"]

1. e4 e6 2. d4 d5 3. Nc3 dxe4 4. Nxe4 Nd7 5. Nf3 Ngf6 6. Neg5 h6 7. Nh3 c5 8. dxc5 Bxc5 9. Bc4 0-0 10. 0-0 b6 11. Nf4 Bb7 12. Qe2 Bxf3 13. Qxf3 Ne5 14. Qb3 Nxc4 15. Qxc4 Qc7 16. b4 Bxf2+ 0-1

[Event "Titled Tuesday intern op 27th Oct"]
[Site "Chess.com INT"]
[Date "2020.10.27"]
[Round "7"]
[White "Jakubowska, Anna"]
[Black "Sharmin, Samiha Shimmi"]
[Result "1-0"]
[WhiteElo "2073"]
[BlackElo "1812"]
[PlyCount "63"]
[EventDate "2020.10.27"]
[EventType "swiss (blitz)"]
[EventRounds "11"]
[EventCountry "USA"]
[SourceTitle "CBM 199 Extra"]
[Source "ChessBase"]
[SourceDate "2021.01.31"]
[SourceVersion "1"]
[SourceVersionDate "2021.01.31"]
[SourceQuality "1"]

1. e4 d5 2. exd5 Qxd5 3. Nc3 Qd6 4. d4 Nf6 5. Nge2 a6 6. Bf4 Qd8 7. g3 e6 8. Bg2 Bd6 9. 0-0 0-0 10. Re1 Nbd7 11. Qd2 Nb6 12. b3 Nbd5 13. Bg5 Nxc3 14. Nxc3 c6 15. Qe2 h6 16. Bxf6 Qxf6 17. Ne4 Qd8 18. Nxd6 Qxd6 19. Rad1 Bd7 20. c3 Rfe8 21. f4 Rac8 22. Qe5 Qxe5 23. dxe5 Rc7 24. Rd6 Bc8 25. Red1 g6 26. c4 Kg7 27. c5 h5 28. Kf2 Ree7 29. Rd8 Red7 30. Rxc8 Rxd1 31. Rxc7 Rd2+ 32. Kf1 1-0

[Event "Titled Tuesday intern op 27th Oct"]
[Site "Chess.com INT"]
[Date "2020.10.27"]
[Round "5"]
[White "Sharmin, Samiha Shimmi"]
[Black "Demin, Vladimir"]
[Result "0-1"]
[WhiteElo "1812"]
[BlackElo "2430"]
[PlyCount "82"]
[EventDate "2020.10.27"]
[EventType "swiss (blitz)"]
[EventRounds "11"]
[EventCountry "USA"]
[SourceTitle "CBM 199 Extra"]
[Source "ChessBase"]
[SourceDate "2021.01.31"]
[SourceVersion "1"]
[SourceVersionDate "2021.01.31"]
[SourceQuality "1"]

1. e4 e5 2. Nf3 Nc6 3. Bc4 Nf6 4. d3 h6 5. 0-0 d6 6. a4 g5 7. c3 Bg7 8. d4 Bg4 9. dxe5 Bxf3 10. Qxf3 Nxe5 11. Qe2 Nxc4 12. Qxc4 0-0 13. Be3 Re8 14. Nd2 Nxe4 15. Nxe4 d5 16. Qb3 dxe4 17. Qxb7 Qb8 18. Qd5 Qxb2 19. Bd4 Rad8 20. Qc5 Bxd4 21. cxd4 Qxd4 22. Qxc7 Rc8 23. Qa5 Rc2 24. Rad1 Qf6 25. Qxa7 Qc6 26. Rd7 Ra8 27. Qd4 Rc4 28. Qd6 Qxd6 29. Rxd6 Raxa4 30. Rxh6 Rc2 31. Rh3 Kg7 32. Re3 f5 33. g3 f4 34. gxf4 gxf4 35. Ree1 Kf6 36. Kg2 Kf5 37. h3 Raa2 38. Kg1 e3 39. Rb1 Rxf2 40. Rb5+ Ke4 41. Rb4+ Kf3 0-1

[Event "Titled Tuesday intern op 27th Oct"]
[Site "Chess.com INT"]
[Date "2020.10.27"]
[Round "3"]
[White "Sharmin, Samiha Shimmi"]
[Black "Makkar, Rajat"]
[Result "0-1"]
[WhiteElo "1812"]
[BlackElo "2231"]
[PlyCount "32"]
[EventDate "2020.10.27"]
[EventType "swiss (blitz)"]
[EventRounds "11"]
[EventCountry "USA"]
[SourceTitle "CBM 199 Extra"]
[Source "ChessBase"]
[SourceDate "2021.01.31"]
[SourceVersion "1"]
[SourceVersionDate "2021.01.31"]
[SourceQuality "1"]

1. e4 e5 2. Nf3 Nc6 3. Bc4 Bc5 4. 0-0 Nf6 5. d3 h6 6. a4 d6 7. Re1 a5 8. c3 0-0 9. Be3 Bxe3 10. Rxe3 Be6 11. Nbd2 Bxc4 12. Nxc4 Re8 13. Qd2 d5 14. exd5 Qxd5 15. Ree1 e4 16. dxe4 Qxc4 0-1

[Event "Titled Tuesday intern op 20th Oct"]
[Site "Chess.com INT"]
[Date "2020.10.20"]
[Round "2"]
[White "Sharmin, Samiha Shimmi"]
[Black "Korkmaz, Necmettin"]
[Result "0-1"]
[WhiteElo "1812"]
[BlackElo "2101"]
[PlyCount "116"]
[EventDate "2020.10.20"]
[EventType "swiss (blitz)"]
[EventRounds "11"]
[EventCountry "USA"]
[SourceTitle "EXT 2022"]
[Source "ChessBase"]
[SourceDate "2021.10.06"]
[SourceVersion "1"]
[SourceVersionDate "2021.10.06"]
[SourceQuality "1"]

1. e4 d5 2. exd5 Nf6 3. c4 e6 4. d4 exd5 5. Nc3 Bb4 6. Qb3 Nc6 7. Nf3 0-0 8. Be3 Bg4 9. 0-0-0 Bxc3 10. Qxc3 Re8 11. Bd3 dxc4 12. Bxc4 Nd5 13. Qd2 Nce7 14. h3 Bh5 15. g4 Bg6 16. Ne5 f6 17. Nxg6 Nxg6 18. h4 c6 19. h5 Nge7 20. h6 g6 21. g5 f5 22. Qc2 b5 23. Bxd5+ Nxd5 24. Qb3 a5 25. Rhg1 a4 26. Qd3 Nb4 27. Qb1 Qd5 28. a3 Qc4+ 29. Kd2 Na6 30. Qd3 Qd5 31. Kc1 Rac8 32. Kb1 Qf3 33. Rg3 Qd5 34. Rc1 Red8 35. Qc3 Qe4+ 36. Ka1 f4 37. Rg4 Rf8 38. Bd2 Qf5 39. Rcg1 f3 40. Be3 Nc7 41. Qd2 Nd5 42. Rc1 Nxe3 43. Qxe3 Rce8 44. Qd2 Qe6 45. Qc3 Qe2 46. Qxc6 Rc8 47. Qd5+ Kh8 48. Rxc8 Rxc8 49. Qe5+ Qxe5 50. dxe5 Rc2 51. Re4 Kg8 52. e6 Kf8 53. e7+ Ke8 54. Rb4 Rxf2 55. Rxb5 Re2 56. Rb8+ Kxe7 57. Rh8 f2 58. Rxh7+ Ke6 0-1

[Event "Titled Tuesday intern op 20th Oct"]
[Site "Chess.com INT"]
[Date "2020.10.20"]
[Round "8"]
[White "Sharmin, Samiha Shimmi"]
[Black "Zhou, Qiyu"]
[Result "0-1"]
[WhiteElo "1812"]
[BlackElo "2229"]
[PlyCount "28"]
[EventDate "2020.10.20"]
[EventType "swiss (blitz)"]
[EventRounds "11"]
[EventCountry "USA"]
[SourceTitle "EXT 2022"]
[Source "ChessBase"]
[SourceDate "2021.10.06"]
[SourceVersion "1"]
[SourceVersionDate "2021.10.06"]
[SourceQuality "1"]

1. e4 c5 2. Nf3 d6 3. d4 cxd4 4. Nxd4 Nf6 5. Nc3 Nc6 6. Bc4 e5 7. Nde2 Be6 8. Bxe6 fxe6 9. 0-0 Be7 10. f4 0-0 11. f5 exf5 12. Rxf5 Qb6+ 13. Kh1 Ng4 14. Rxf8+ Rxf8 0-1

[Event "Titled Tuesday intern op 06th Oct"]
[Site "Chess.com INT"]
[Date "2020.10.06"]
[Round "5"]
[White "Sharmin, Samiha Shimmi"]
[Black "Souza Neves, Andrey Marcelo"]
[Result "0-1"]
[WhiteElo "1812"]
[BlackElo "2087"]
[PlyCount "46"]
[EventDate "2020.10.06"]
[EventType "swiss (blitz)"]
[EventRounds "10"]
[EventCountry "USA"]
[SourceTitle "CBM 198 Extra"]
[Source "ChessBase"]
[SourceDate "2020.11.30"]
[SourceVersion "1"]
[SourceVersionDate "2020.11.30"]
[SourceQuality "1"]

1. e4 e5 2. Nf3 Nc6 3. Bc4 Nf6 4. d3 Bc5 5. 0-0 d6 6. a4 a6 7. Re1 h6 8. c3 Ba7 9. Nbd2 g5 10. Nf1 Be6 11. Ne3 Qd7 12. Nd5 Bxd5 13. Bxd5 Nxd5 14. exd5 Ne7 15. c4 0-0 16. d4 f6 17. dxe5 fxe5 18. Qd3 Qf5 19. Qxf5 Rxf5 20. b3 Raf8 21. Ra2 g4 22. Nh4 Rxf2 23. Rxf2 Bxf2+ 0-1

[Event "Titled Tuesday intern op 06th Oct"]
[Site "Chess.com INT"]
[Date "2020.10.06"]
[Round "3"]
[White "Umarov, Sabir"]
[Black "Sharmin, Samiha Shimmi"]
[Result "1-0"]
[WhiteElo "2364"]
[BlackElo "1812"]
[PlyCount "33"]
[EventDate "2020.10.06"]
[EventType "swiss (blitz)"]
[EventRounds "10"]
[EventCountry "USA"]
[SourceTitle "CBM 198 Extra"]
[Source "ChessBase"]
[SourceDate "2020.11.30"]
[SourceVersion "1"]
[SourceVersionDate "2020.11.30"]
[SourceQuality "1"]

1. e4 e6 2. d4 d5 3. Nd2 c5 4. Ngf3 cxd4 5. Nxd4 Bc5 6. N2b3 Bb6 7. Bb5+ Kf8 8. exd5 Qxd5 9. 0-0 Nc6 10. c4 Qd6 11. Nxc6 Qxd1 12. Rxd1 bxc6 13. Bxc6 Rb8 14. Bf4 Bxf2+ 15. Kxf2 Rb6 16. Rd8+ Ke7 17. Rxc8 1-0

[Event "Titled Tuesday intern op 29th Sept"]
[Site "Chess.com INT"]
[Date "2020.09.29"]
[Round "9"]
[White "Li, Hui"]
[Black "Sharmin, Samiha Shimmi"]
[Result "1-0"]
[WhiteElo "1985"]
[BlackElo "1812"]
[PlyCount "113"]
[EventDate "2020.09.29"]
[EventType "swiss (blitz)"]
[EventRounds "10"]
[EventCountry "USA"]
[SourceTitle "CBM 198 Extra"]
[Source "ChessBase"]
[SourceDate "2020.11.30"]
[SourceVersion "1"]
[SourceVersionDate "2020.11.30"]
[SourceQuality "1"]

1. e4 e6 2. d4 d5 3. Nd2 c5 4. exd5 Qxd5 5. Ngf3 cxd4 6. Bc4 Qd6 7. 0-0 Nc6 8. Nb3 Nf6 9. Nbxd4 Be7 10. Re1 0-0 11. Bb3 Nxd4 12. Nxd4 Rd8 13. c3 b6 14. Qf3 Ba6 15. Bf4 Qd7 16. Nxe6 Bb7 17. Qh3 Re8 18. Nc7 Qc6 19. Nxa8 Bxa8 20. Rad1 Nh5 21. Be3 Bf6 22. Bd5 Qb5 23. Bxa8 Rxa8 24. a4 Qxb2 25. Qxh5 Bxc3 26. Rf1 g6 27. Qd5 Rf8 28. Bd4 Bxd4 29. Qxd4 Qa3 30. h3 h5 31. Rd3 Qe7 32. Re3 Qc7 33. g3 Qc8 34. Qe5 Qxh3 35. Qf6 Qd7 36. Rfe1 Qxa4 37. Re7 b5 38. Rd7 b4 39. Red1 b3 40. Rd8 Qb4 41. Rxf8+ Qxf8 42. Rd8 Qxd8 43. Qxd8+ Kg7 44. Qd4+ Kh7 45. Qxa7 b2 46. Qb6 Kg7 47. Qxb2+ Kh7 48. Kg2 h4 49. gxh4 Kh6 50. Kg3 g5 51. hxg5+ Kxg5 52. f4+ Kf5 53. Qe5+ Kg6 54. f5+ Kh6 55. Qf6+ Kh7 56. Qxf7+ Kh6 57. Qg6# 1-0

[Event "Titled Tuesday intern op 29th Sept"]
[Site "Chess.com INT"]
[Date "2020.09.29"]
[Round "6"]
[White "Markelova, Lubov"]
[Black "Sharmin, Samiha Shimmi"]
[Result "1-0"]
[WhiteElo "2179"]
[BlackElo "1812"]
[PlyCount "67"]
[EventDate "2020.09.29"]
[EventType "swiss (blitz)"]
[EventRounds "10"]
[EventCountry "USA"]
[SourceTitle "CBM 198 Extra"]
[Source "ChessBase"]
[SourceDate "2020.11.30"]
[SourceVersion "1"]
[SourceVersionDate "2020.11.30"]
[SourceQuality "1"]

1. Nf3 d5 2. d4 e6 3. c4 c5 4. e3 Nc6 5. Nc3 Nf6 6. cxd5 exd5 7. Bb5 cxd4 8. Nxd4 Be7 9. Nxc6 bxc6 10. Bxc6+ Bd7 11. Bxa8 Qxa8 12. 0-0 Bc6 13. b3 0-0 14. Ne2 Rd8 15. Bb2 d4 16. Bxd4 Bxg2 17. Re1 Bf3 18. Qc2 Be4 19. Qc7 Bd6 20. Qxa7 Qd5 21. Ng3 Bxg3 22. fxg3 Bh1 23. Re2 Bf3 24. Rf2 Bh1 25. Qc5 Qa8 26. Bxf6 gxf6 27. Qf5 Rd6 28. Raf1 Kh8 29. h4 Kg8 30. Kh2 Be4 31. Qg4+ Kf8 32. Rxf6 Bh1 33. Rxf7+ Ke8 34. Qg8# 1-0

[Event "Titled Tuesday intern op 29th Sept"]
[Site "Chess.com INT"]
[Date "2020.09.29"]
[Round "4"]
[White "Sharmin, Samiha Shimmi"]
[Black "Mendonca, Leon Luke"]
[Result "0-1"]
[WhiteElo "1812"]
[BlackElo "2490"]
[PlyCount "96"]
[EventDate "2020.09.29"]
[EventType "swiss (blitz)"]
[EventRounds "10"]
[EventCountry "USA"]
[SourceTitle "CBM 198 Extra"]
[Source "ChessBase"]
[SourceDate "2020.11.30"]
[SourceVersion "1"]
[SourceVersionDate "2020.11.30"]
[SourceQuality "1"]

1. e4 g6 2. d4 Bg7 3. Nc3 d6 4. Nf3 a6 5. Bd3 b5 6. Be3 Bb7 7. Qd2 Nd7 8. h4 h6 9. Ne2 Ngf6 10. Ng3 Ng4 11. h5 Nxe3 12. Qxe3 g5 13. 0-0-0 e6 14. Kb1 Nb6 15. Rhe1 Qe7 16. e5 d5 17. Nd2 c5 18. dxc5 Nd7 19. Nb3 Rc8 20. f4 gxf4 21. Qxf4 Qg5 22. Qxg5 hxg5 23. Na5 Ba8 24. a4 Rxc5 25. b4 Rc8 26. axb5 axb5 27. Bxb5 Rb8 28. Bxd7+ Kxd7 29. Rd4 Rhc8 30. Rg4 Ke7 31. Nb3 Rc4 32. Rxg5 Bh6 33. Rg6 fxg6 34. hxg6 Rcxb4 35. Rh1 Rh8 36. Kb2 Rg4 37. Ka2 d4 38. Ne2 Bxg2 39. Rg1 Be3 40. Rd1 Rxg6 41. Nexd4 Ra8+ 42. Kb2 Bxd4+ 43. Rxd4 Bd5 44. Rb4 Rgg8 45. Rb6 Rgb8 46. Rd6 Bxb3 47. cxb3 Rb7 48. Kc3 Rab8 0-1

[Event "Joytu Sheikh Hasina Online op"]
[Site "Chess.com INT"]
[Date "2020.09.25"]
[Round "6"]
[White "Sharmin, Samiha Shimmi"]
[Black "Tasnia Tarannum, Orpa"]
[Result "1-0"]
[WhiteElo "1812"]
[BlackElo "1424"]
[PlyCount "71"]
[EventDate "2020.09.24"]
[EventType "swiss"]
[EventRounds "9"]
[EventCountry "BAN"]
[SourceTitle "EXT 2022"]
[Source "ChessBase"]
[SourceDate "2021.10.06"]
[SourceVersion "1"]
[SourceVersionDate "2021.10.06"]
[SourceQuality "1"]

1. e4 c5 2. Nf3 Nc6 3. d4 cxd4 4. Nxd4 Nf6 5. Nc3 e5 6. Ndb5 d6 7. Bg5 a6 8. Na3 b5 9. Nd5 Be7 10. Bxf6 Bxf6 11. c3 0-0 12. Nc2 Bg5 13. a4 Rb8 14. Ncb4 Nxb4 15. Nxb4 Be6 16. Nxa6 Rc8 17. Bxb5 f5 18. exf5 Bxf5 19. Qd5+ Kh8 20. 0-0 Rf6 21. Rad1 Rh6 22. Nb4 Bf4 23. g3 Qg5 24. a5 Qh5 25. Qh1 Bh3 26. Rfe1 Bg4 27. Rd3 Bf5 28. a6 e4 29. Rd5 Be5 30. Rd2 Bg4 31. Re3 Bf3 32. Rxf3 exf3 33. Bc6 Qg5 34. Rd1 Qe7 35. Qxf3 Rf8 36. Qe3 1-0

[Event "Joytu Sheikh Hasina Online op"]
[Site "Chess.com INT"]
[Date "2020.09.24"]
[Round "2"]
[White "Mehdi, Hasan Parag"]
[Black "Sharmin, Samiha Shimmi"]
[Result "1-0"]
[WhiteElo "2199"]
[BlackElo "1812"]
[PlyCount "97"]
[EventDate "2020.09.24"]
[EventType "swiss"]
[EventRounds "9"]
[EventCountry "BAN"]
[SourceTitle "EXT 2022"]
[Source "ChessBase"]
[SourceDate "2021.10.06"]
[SourceVersion "1"]
[SourceVersionDate "2021.10.06"]
[SourceQuality "1"]

1. e4 d5 2. exd5 Qxd5 3. Nc3 Qd6 4. d4 Nf6 5. Nf3 c6 6. g3 Bf5 7. Bg2 e6 8. 0-0 h6 9. Bf4 Qd8 10. Bd6 Bxd6 11. Re1 0-0 12. Qe2 Qc7 13. Rad1 Nbd7 14. h3 Rad8 15. a3 Nd5 16. Ne4 Bxe4 17. Qxe4 N7f6 18. Qd3 b5 19. c3 a5 20. Qe2 Nb6 21. h4 a4 22. Bf1 Nc4 23. Bg2 c5 24. Kh1 Rfe8 25. Qc2 Qb6 26. Bf1 Na5 27. Qe2 c4 28. Bg2 Qc7 29. Nd2 e5 30. d5 Nb7 31. g4 e4 32. g5 hxg5 33. hxg5 Nh7 34. Qh5 Bc5 35. Bxe4 g6 36. Qh4 Nd6 37. Kg2 Nxe4 38. Nxe4 f5 39. gxf6 Bf8 40. d6 Qf7 41. f3 Re5 42. Rh1 Rh5 43. Qf4 Rxh1 44. Rxh1 Qe6 45. Rxh7 Qxe4 46. Qxe4 Kxh7 47. Qb7+ Kg8 48. d7 Kf7 49. Qc7 1-0

[Event "Titled Tuesday intern op 22nd Sept"]
[Site "Chess.com INT"]
[Date "2020.09.22"]
[Round "8"]
[White "Sharmin, Samiha Shimmi"]
[Black "Juarez Flores, Gustavo Enrique"]
[Result "0-1"]
[WhiteElo "1812"]
[BlackElo "2108"]
[PlyCount "66"]
[EventDate "2020.09.22"]
[EventType "swiss (blitz)"]
[EventRounds "10"]
[EventCountry "USA"]
[SourceTitle "CBM 198 Extra"]
[Source "ChessBase"]
[SourceDate "2020.11.30"]
[SourceVersion "1"]
[SourceVersionDate "2020.11.30"]
[SourceQuality "1"]

1. e4 c5 2. Nf3 Nc6 3. d4 cxd4 4. Nxd4 Nf6 5. Nc3 e5 6. Ndb5 d6 7. Bg5 a6 8. Na3 b5 9. Nd5 Be7 10. Bxf6 Bxf6 11. c3 Bg5 12. Nc2 Rb8 13. a4 bxa4 14. Ncb4 Nxb4 15. cxb4 0-0 16. Rxa4 Bb7 17. Bxa6 Bxd5 18. Qxd5 Qb6 19. 0-0 Kh8 20. Rd1 Be7 21. Rc1 f5 22. Rc6 Qa7 23. Rc2 fxe4 24. Qxe4 Rf4 25. Qc6 Rbf8 26. Qc7 Qd4 27. h3 Rxf2 28. Kh1 Qd1+ 29. Kh2 Qf3 30. Rxf2 Qxf2 31. Qc6 Bg5 32. Bb7 Bf4+ 33. Kh1 Qe1# 0-1

[Event "Titled Tuesday intern op 15th Sept"]
[Site "Chess.com INT"]
[Date "2020.09.15"]
[Round "6"]
[White "Sharmin, Samiha Shimmi"]
[Black "Sarkar, Justin"]
[Result "1/2-1/2"]
[WhiteElo "1812"]
[BlackElo "2380"]
[PlyCount "75"]
[EventDate "2020.09.15"]
[EventType "swiss (blitz)"]
[EventRounds "10"]
[EventCountry "USA"]
[SourceTitle "CBM 198 Extra"]
[Source "ChessBase"]
[SourceDate "2020.11.30"]
[SourceVersion "1"]
[SourceVersionDate "2020.11.30"]
[SourceQuality "1"]

1. e4 c5 2. Nf3 Nc6 3. d4 cxd4 4. Nxd4 g6 5. Nc3 Bg7 6. Be3 Nf6 7. f3 d5 8. Nxc6 bxc6 9. e5 Nd7 10. f4 0-0 11. Be2 f6 12. exf6 Nxf6 13. 0-0 Bf5 14. Bc5 Nd7 15. Bd4 e5 16. fxe5 Nxe5 17. Qd2 Qd7 18. Bc5 Rfe8 19. Rae1 Rab8 20. b4 Ng4 21. Bxg4 Bxg4 22. Rxe8+ Rxe8 23. Re1 a6 24. Rxe8+ Qxe8 25. h3 Bf5 26. Ne2 Qe4 27. c3 Be5 28. Bd4 Bd6 29. Qe3 Qxe3+ 30. Bxe3 Bb1 31. a4 Bc2 32. a5 Bd3 33. Nf4 Bb5 34. Ne6 Kf7 35. Ng5+ Kg8 36. Ne6 Kf7 37. Ng5+ Kg8 38. Ne6 1/2-1/2

[Event "Titled Tuesday intern op 15th Sept"]
[Site "Chess.com INT"]
[Date "2020.09.15"]
[Round "1"]
[White "Sharmin, Samiha Shimmi"]
[Black "Vlassov, Nikolai"]
[Result "0-1"]
[WhiteElo "1812"]
[BlackElo "2352"]
[PlyCount "40"]
[EventDate "2020.09.15"]
[EventType "swiss (blitz)"]
[EventRounds "10"]
[EventCountry "USA"]
[SourceTitle "CBM 198 Extra"]
[Source "ChessBase"]
[SourceDate "2020.11.30"]
[SourceVersion "1"]
[SourceVersionDate "2020.11.30"]
[SourceQuality "1"]

1. e4 Nc6 2. Nf3 d5 3. e5 Bg4 4. Be2 Bxf3 5. Bxf3 Nxe5 6. 0-0 Nxf3+ 7. Qxf3 Nf6 8. Nc3 e6 9. d4 Be7 10. Bf4 0-0 11. Rfe1 c5 12. dxc5 Bxc5 13. Be5 Be7 14. Ne2 Nd7 15. Bd4 Bf6 16. Bxf6 Qxf6 17. c3 Qxf3 18. gxf3 Ne5 19. Kg2 Nd3 20. Rec1 Nxc1 0-1

[Event "Titled Tuesday intern op 15th Sept"]
[Site "Chess.com INT"]
[Date "2020.09.15"]
[Round "4"]
[White "Volkov, Sergei"]
[Black "Sharmin, Samiha Shimmi"]
[Result "0-1"]
[WhiteElo "2277"]
[BlackElo "1812"]
[PlyCount "80"]
[EventDate "2020.09.15"]
[EventType "swiss (blitz)"]
[EventRounds "10"]
[EventCountry "USA"]
[SourceTitle "CBM 198 Extra"]
[Source "ChessBase"]
[SourceDate "2020.11.30"]
[SourceVersion "1"]
[SourceVersionDate "2020.11.30"]
[SourceQuality "1"]

1. d4 d5 2. Nf3 Nf6 3. Bf4 e6 4. e3 Bd6 5. Ne5 c5 6. Bb5+ Nbd7 7. Nxd7 Bxd7 8. Bxd6 Qa5+ 9. Nc3 Bxb5 10. Bxc5 Ne4 11. b4 Nxc3 12. bxa5 Nxd1 13. Kxd1 Kd7 14. Rb1 Kc6 15. Kd2 f6 16. Rb2 Ba6 17. Rhb1 e5 18. Rb3 Rhe8 19. g4 e4 20. Rc3 Kd7 21. h4 Re6 22. h5 h6 23. Rcb3 Rc6 24. Rxb7+ Bxb7 25. Rxb7+ Rc7 26. Rb3 Kc6 27. a6 Rg8 28. Rc3 Kd7 29. Rb3 g6 30. c4 dxc4 31. Rb4 gxh5 32. gxh5 Rg2 33. Ke2 Kc6 34. Rxc4 Kd5 35. Rb4 Rh2 36. Rb7 Kc6 37. Rxa7 Rxa7 38. Bxa7 Kc7 39. Bc5 Kb8 40. a7+ Ka8 0-1